España y la guerra (Record no. 102167)

MARC details
000 -LEADER
campo de control de longitud fija 01210ntm a2200277 i 4500
001 - NÚMERO DE CONTROL
campo de control 102167
003 - IDENTIFICADOR DE NÚMERO DE CONTROL
campo de control ES-MaACL
005 - FECHA Y HORA DE LA ÚLTIMA TRANSACCIÓN
campo de control 20250905063045.0
007 - CAMPO FIJO DE DESCRIPCIÓN FÍSICA--INFORMACIÓN GENERAL
campo de control de longitud fija t|
008 - DATOS DE LONGITUD FIJA--INFORMACIÓN GENERAL
campo de control de longitud fija 051104s1917 sp |||| | spa d
040 ## - FUENTE DE CATALOGACIÓN
Centro/agencia transcriptor ES-MaACL
100 1# - ENTRADA PRINCIPAL--NOMBRE DE PERSONA
Nombre de persona Mendizábal de la Peña, Luis
Término indicativo de función/relación Autor
9 (RLIN) 80224
245 10 - MENCIÓN DEL TÍTULO
Título España y la guerra
Medio [Manuscrito] :
Resto del título memoria leída en sesión celebrada el día 2 de marzo /
Mención de responsabilidad, etc. por el secretario primero Luis Mendizábal de la Peña.
260 ## - PUBLICACIÓN, DISTRIBUCIÓN, ETC.
Lugar de publicación, distribución, etc. Madrid :
Nombre del editor, distribuidor, etc. [L. Mendizábal],
Fecha de publicación, distribución, etc. 1917.
300 ## - DESCRIPCIÓN FÍSICA
Extensión 28 hojas ;
Dimensiones 21 x 14 cm.
500 ## - NOTA GENERAL
Nota general Ejemplar mecanografiado
530 ## - NOTA DISPONIBLE DE FORMULARIO FÍSICO ADICIONAL
Nota de formato físico adicional disponible Disponible en formato digital
594 ## - NOTA AL TITULO Y MENCION DE RESPONSABILIDAD
Nota Precede al título: Ateneo de Madrid. Sección de Ciencias Históricas. Curso de 1916-1917
610 24 - PUNTO DE ACCESO ADICIONAL DE MATERIA--NOMBRE DE ENTIDAD CORPORATIVA
Nombre de entidad corporativa o nombre de jurisdicción como elemento de entrada Ateneo de Madrid.
Unidad subordinada Sección de Ciencias Históricas-
Subdivisión de forma Memorias.
9 (RLIN) 1982
650 #4 - PUNTO DE ACCESO ADICIONAL DE MATERIA--TÉRMINO DE MATERIA
Término de materia o nombre geográfico como elemento de entrada Guerra mundial, 1914-1918-
Subdivisión geográfica España.
9 (RLIN) 147989
852 4# - LOCALIZACIÓN
Ubicación ES-MaACL
Ubicación en estantería Depósito
Signatura antigua Olim: 1559-F-5
Número de control de estantería Armario 18, Caja negra
856 4# - LOCALIZACIÓN Y ACCESO ELECTRÓNICOS
Identificador Uniforme de Recursos <a href="https://bvpb.mcu.es/es/consulta/registro.do?id=577706">https://bvpb.mcu.es/es/consulta/registro.do?id=577706</a>
Texto de enlace Versión en línea
Nota pública (Biblioteca Virtual del Patrimonio Bibliográfico)
942 ## - ELEMENTOS DE ENTRADA SECUNDARIOS (KOHA)
Tipo de ítem Koha Manuscrito
Suprimir en OPAC No
Holdings
Estatus retirado Estado de pérdida Estado de daño No para préstamo Colección Biblioteca de origen Biblioteca actual Ubicación en estantería Fecha de adquisición Fuente de adquisición Total de préstamos Signatura topográfica completa Código de barras Visto por última vez Precio de reemplazo Tipo de ítem Koha
        Colección digital Biblioteca del Ateneo de Madrid Biblioteca del Ateneo de Madrid Depósito 17/01/2008     Armario 18 Caja negra 1106653 23/02/2023 23/02/2023 Manuscrito